Gaming Quiz

Random Gaming or Typing Quiz

Teen Wolf Typing Challenge Quiz Stats

 Plays Quiz not verified by Sporcle

Support Sporcle.
Go Orange.
Score 0/70 Timer 03:00
1 Play Today
Hint Answer % Correct
????
100%
????
97.1%
????
96.6%
????
96.2%
????
95.7%
????
95.5%
????
95.1%
????
94.9%
????
94.6%
????
94.5%
????
94.4%
????
94.4%
????
94%
????
93.9%
????
93.9%
????
93.9%
????
93.8%
????
93.7%
????
93.7%
????
93.6%
????
93.6%
????
93.3%
????
93.1%
????
92.9%
????
92.7%
????
92.6%
????
92.4%
????
92.1%
????
92%
????
91.8%
????
91.6%
????
91.4%
????
91.1%
????
90.9%
????
90.8%
Hint Answer % Correct
????
90.5%
????
90.2%
????
89.8%
????
89.2%
????
88.8%
????
87.6%
????
87%
????
86%
????
85.2%
????
83.9%
????
83.3%
????
82.1%
????
81.2%
????
79.9%
????
79%
????
78%
????
76.1%
????
74.4%
????
73.9%
????
72.5%
????
71.6%
????
69.9%
????
68.9%
????
67.7%
????
65.3%
????
63.3%
????
62.5%
????
60.8%
????
59.4%
????
57.1%
????
54.7%
????
53.4%
????
50.9%
????
49%
????
47.2%

You're not logged in!

Compare scores with friends on all Sporcle quizzes.
OR
Log In

From the Vault

Three Movies, Two Actors

by seanpat0

Some movie duos make more than one classic.
Remove Ads.
Support Sporcle.
Get the best of Sporcle when you Go Orange. This ad-free experience offers more features, more stats, and more fun while also helping to support Sporcle. Thank you for becoming a member.

Show Comments

Extras

Top Quizzes Today


Score Distribution

Your Account Isn't Verified!

In order to create a playlist on Sporcle, you need to verify the email address you used during registration. Go to your Sporcle Settings to finish the process.

Report this User

Report this user for behavior that violates our Community Guidelines.

Details: